000 00368 a2200169 4500
001 73240
020 _a9788526267039
040 _cAnchieta - Colégio São Paulo
100 _aFavalli, Leonel
240 1 0 _aA escola é nossa
_lpor
245 1 0 _aA escola é nossa
300 _a343
362 0 _a2007
440 1 _aScipione
650 4 _aMatemática
942 _cBK
999 _c73240
_d73240